Zahlen 1 bis 10 - 4 Sprachen Europa - Statistiken

Allgemein
  • Dieses Quiz wurde 96 mal gespielt
  • Das Durchschnittsergebnis liegt bei 33 aus 40
Antwortstatistiken
Deutsch % Korrekt
drei
99%
eight
99%
eins
99%
five
99%
four
99%
fünf
99%
nine
99%
one
99%
seven
99%
six
99%
six
99%
ten
99%
three
99%
two
99%
vier
99%
zwei
99%
acht
98%
neun
98%
sechs
98%
sieben
98%
un
98%
zehn
98%
uno
95%
tres
92%
dos
89%
deux
82%
trois
77%
quatre
71%
cinq
70%
neuf
69%
dix
66%
huit
63%
sept
61%
ocho
55%
nueve
54%
cinco
49%
seis
47%
cuatro
43%
siete
43%
diez
41%
Keine übereinstimmenden Quizze gefunden
Verteilung der Resultate
Anzahl Personen mit jedem Resultat
Perzentil nach korrekt beantworteten Fragen
Ihre Resultats-Entwicklung
Sie haben dieses Quiz noch nicht gespielt